Automated Home System Using Das with GSM Support / (Record no. 190666)

000 -LEADER
fixed length control field 00864 a2200193 4500
003 - CONTROL NUMBER IDENTIFIER
control field NUST
005 - DATE AND TIME OF LATEST TRANSACTION
control field 20251124185537.0
040 ## - CATALOGING SOURCE
Transcribing agency Nust
082 ## - DEWEY DECIMAL CLASSIFICATION NUMBER
Classification number 621.382,IRF
100 ## - MAIN ENTRY--PERSONAL NAME
Personal name Irfan, Muhammad TE-45/TCC-20
9 (RLIN) 131489
245 ## - TITLE STATEMENT
Title Automated Home System Using Das with GSM Support /
Statement of responsibility, etc. Muhammad Irfan ,Taimur Khan , Abdul Saboor TE-45/TCC-20
260 ## - PUBLICATION, DISTRIBUTION, ETC.
Place of publication, distribution, etc. Rawalpindi
Name of publisher, distributor, etc. MCS (NUST)
Date of publication, distribution, etc. 2012
300 ## - PHYSICAL DESCRIPTION
Extent x , 68 p.;
505 ## - FORMATTED CONTENTS NOTE
Formatted contents note Introduction (Page-1), Typed and Application of Home Automation (Page-4), home Automation (Page-9), Microcontrollers (Page-17), Serial Communication (Page-24), Programming Languages (Page-28), Sensors (Page-31), Hardware Implementation (Page-36), bibliography (Page-67).
650 ## - SUBJECT ADDED ENTRY--TOPICAL TERM
Topical term or geographic name entry element Automatted Home System
9 (RLIN) 131490
651 ## - SUBJECT ADDED ENTRY--GEOGRAPHIC NAME
Geographic name TE-45/TCC-20
9 (RLIN) 131491
700 ## - ADDED ENTRY--PERSONAL NAME
Personal name Supervised by Asst Prof Maj (R) Fazal Ahmed
9 (RLIN) 131878
942 ## - ADDED ENTRY ELEMENTS (KOHA)
Koha item type Project Report
Source of classification or shelving scheme
Holdings
Withdrawn status Lost status Source of classification or shelving scheme Damaged status Not for loan Permanent Location Current Location Shelving location Date acquired Full call number Barcode Date last seen Price effective from Koha item type Public note
          Military College of Signals (MCS) Military College of Signals (MCS) Reference 12/12/2016 621.382, IRF MCSPTC-143 12/08/2016 12/12/2016 Project Report Almirah No. 94, Shelf No. 3
          Military College of Signals (MCS) Military College of Signals (MCS) Reference 12/12/2016 621.382,IRF MCSPTE-203 12/08/2016 12/12/2016 Project Report  
© 2023 Central Library, National University of Sciences and Technology. All Rights Reserved.